Statistiques concernant Pirates des Caraïbes - Personnages

Cliquez ici pour prendre le quiz!

Statistiques générales

  • Ce quiz a été pris 428 fois
  • Le résultat moyen est 10 sur 20

Statistiques - réponses

HintRéponse% Correct
1Jack Sparrow
99%
14Jack (singe)
93%
3Will Turner
90%
4Hector Barbossa
86%
2Elisabeth Swann
84%
5Davy Jones
69%
17Bill Turner
68%
9Gibbs
59%
20Calypso
54%
6Barbe Noire
53%
8Salazar
47%
18Lord Beckett
37%
16James Norrigton
33%
7Angelica Teach
28%
15Henry Turner
23%
12Carina Smyth
20%
10Syrena
18%
13Teague Sparrow
17%
19Scrum
10%
11Philip
7%

Distribution des résultats

Percentile par nombre de réponses

% des personnes avec chaque résultat

Votre développement - résultats

Vous n’avez pas pris ce quiz